Harry Potter commençant par F - Statistiques

Statistiques générales
  • Ce quiz a été pris 2 463 fois
  • Le résultat moyen est 7 sur 10
Statistiques - réponses
Hint Réponse % Correct
Langue que parlent Harry et Voldemort Fourchelang
97%
Phénix de Dumbledore Fumseck
91%
Professeur de sortilèges Flitwick
86%
Potion de chance Félix Félicis
84%
Centaure enseignant la divination Firenze
81%
Plante qui déteste la lumière Filet du Diable
56%
Librairie des sorciers Fleury et Bott
56%
Sortilège qui met fin à un autre Finite Incantatem
49%
Voiture d'Arthur Weasley Ford Anglia
46%
Glacier du Chemin de Traverse Florian Fortarôme
37%
Aucun quiz correspondant
Distribution des résultats
% des personnes avec chaque résultat
Percentile par nombre de réponses
Votre historique - résultats
Vous n’avez pas pris ce quiz